000 00439nam a2200181Ia 4500
008 230524s9999 xx 000 0 und d
020 _a8121908175
082 _a530
_bAVA
100 _aM.N.Avadhanulu
245 2 _aA Text Book of Engineering Physics
250 _a8TH
260 _aNEW DELHI
_bS.Chand
_c2006
300 _aXIV;758
500 _aQuantity Number: 59
650 _aPhysics
700 _a P.G.Kshirsagar
942 _cBK
999 _c35426
_d35426